000 00778cam a22002295a 4500
001 16775052
005 20161221121740.0
008 110512t2012 maua frb 001 0 eng d
020 _a9780123877246
040 _aDLC
_cDLC
_dDLC
_dEG-ScBUE
_beng
082 0 4 _a332.645
_222
_bHAN
245 0 0 _aHandbook of short selling /
_ceditor Greg N. Gregoriou.
260 _aWaltham ;
_aOxford :
_bAcademic Press / Elsevier,
_cc.2012.
300 _axxxvii, 585 p. :
_bill. ;
_c24 cm.
504 _aIncludes bibliographical references and index.
650 7 _aShort selling (Securities)
_2BUEsh
650 7 _aSpeculation.
_2BUEsh
_935036
650 7 _aRisk-taking (Psychology)
_2BUEsh
653 _bBUSADM
_cDecember2016
700 1 _aGregoriou, Greg N.,
_d1956-
_eeditor.
_95183
942 _2ddc
999 _c23669
_d23641